00000000nam 2200000zi 4500
0019.899012
003CaOODSP
00520230725100325
006m     o  d f      
007cr mn|||||||||
008210421t20192019quca    obf  f000 0 fre d
040 |aCaOODSP|bfre|erda|cCaOODSP
043 |an-cn---
0861 |aEn37-465/2019F-PDF
1001 |aMoore, Stephanie, |eauteur.
24510|aManuel pratique de levés hydrométriques : |bnivellement / |cauteurs, Stephanie Moore, François Rainville et James Wilcox.
250 |aVersion 4.0.
264 1|a[Gatineau, Québec] : |bGouvernment du Canada = Government of Canada, |c2019.
264 4|c©2019
300 |a1 ressource en ligne (36 pages) : |billustrations (certaines en couleur)
336 |atexte|btxt|2rdacontent/fre
337 |ainformatique|bc|2rdamedia/fre
338 |aressource en ligne|bcr|2rdacarrier/fre
500 |aPublié aussi en anglais sous le titre : Hydrometric field manual : levelling.
500 |a« qSOP-NA005-04-2019. »
500 |a« Mai 2019 » -- Page v.
504 |aComprend des références bibliographiques (pages 31-32).
520 |a« Relevés hydrologiques du Canada (RHC) est l'organisme fédéral chargé de recueillir, d'interpréter et de diffuser des données hydrométriques normalisées ainsi que l'information connexe au Canada. Il s'agit d'un organisme bien respecté, fier de ses traditions et des réalisations qu'il a accomplies en plus de 100 années d'existence, mais aussi progressiste par ses positions. En tant qu'organisation certifiée ISO 9001, Relevés hydrologiques du Canada souscrit au principe d'amélioration continue. L'adoption de pratiques de nivellement normalisées est essentielle à la réalisation du mandat de RHC. Le présentdocument décrit les méthodes de terrain utilisées par RHC pour toutes les activités de nivellement, notamment l'évaluation de la stabilité des repères et des limnimètres, ainsi que de la géométrie du site. RHC a modifié les procédures présentées dans la version précédente du document (qSOP-NA005-02-2005) afin de clarifier et de mettre à jour les exigences nationales. Outre les sujets traités dans l'ancienne version, le présent document traite des seuils pour l'évaluation de la qualité des résultats et précise ce qu'il faut faire si ces critères ne sont pas respectés. Le document présente également les procédures détaillées pour les scénarios de cheminement de nivellement et précise comment les mesures de niveau doivent être prises dans diverses conditions. Les incohérences de l'ancien manuel concernant les seuils de tolérance et de correction des mesures ont été éliminés. Les activités de bureau liées au nivellement sont documentées dans d'autres manuels de procédures comme ceux sur le calcul de données (p. ex. qSOP-NA037-00-2012) »-- Avant-propos, page vi.
61026|aRelevés hydrologiques du Canada|xFonctionnaires|vGuides, manuels, etc.
650 6|aStations de jaugeage|zCanada|vGuides, manuels, etc.
650 6|aNivellement|zCanada|vGuides, manuels, etc.
655 7|aGuides et manuels|2rvmgf
7102 |aRelevés hydrologiques du Canada, |eorganisme de publication.
77508|tHydrometric field manual : |w(CaOODSP)9.898972
794 |tManuel pratique de levés hydrométriques : |b(Version 5.0)|w(CaOODSP)9.925274
85640|qPDF|s2.47 Mo|uhttps://publications.gc.ca/collections/collection_2021/eccc/en37/En37-465-2019-fra.pdf
986 |aqSOP-NA005-04-2019